Therapeutic Massage and Body Work (Record no. 54931)
[ view plain ]
| 000 -LEADER | |
|---|---|
| fixed length control field | 00329nam a22001457a 4500 |
| 008 - FIXED-LENGTH DATA ELEMENTS--GENERAL INFORMATION | |
| fixed length control field | 190925b ||||| |||| 00| 0 eng d |
| 020 ## - INTERNATIONAL STANDARD BOOK NUMBER | |
| International Standard Book Number | 9780073025827 |
| 041 ## - LANGUAGE CODE | |
| Language code of text/sound track or separate title | eng |
| 080 ## - UNIVERSAL DECIMAL CLASSIFICATION NUMBER | |
| Universal Decimal Classification number | 615.83 |
| 082 ## - DEWEY DECIMAL CLASSIFICATION NUMBER | |
| Classification number | 615.83 |
| 100 ## - Rafti | |
| Rafti | 8 |
| 101 ## - Shkurtesa | |
| Shkurtesa | EGZ |
| 245 ## - TITLE STATEMENT | |
| Title | Therapeutic Massage and Body Work |
| Statement of responsibility, etc | Saeger,J.L |
| 942 ## - ADDED ENTRY ELEMENTS (KOHA) | |
| Source of classification or shelving scheme | |
| Item type | Books |
| Withdrawn status | Lost status | Source of classification or shelving scheme | Damaged status | Not for loan | Collection code | Permanent location | Current location | Shelving location | Date acquired | Total Checkouts | Full call number | Barcode | Date last seen | Price effective from | Koha item type |
|---|---|---|---|---|---|---|---|---|---|---|---|---|---|---|---|
| Koleksioni i përgjithshem | UBT - Gjilan | UBT - Gjilan | Koleksioni i përgjithshem | 09/25/2019 | 615.83 SAE | 002-3020254 | 09/25/2019 | 09/25/2019 | Books | ||||||
| Koleksioni i përgjithshem | UBT - Gjilan | UBT - Gjilan | Koleksioni i përgjithshem | 09/25/2019 | 615.83 SAE | 002-3020249 | 09/25/2019 | 09/25/2019 | Books | ||||||
| Koleksioni i përgjithshem | UBT - Gjilan | UBT - Gjilan | Koleksioni i përgjithshem | 09/25/2019 | 615.83 SAE | 002-3020244 | 09/25/2019 | 09/25/2019 | Books | ||||||
| Koleksioni i përgjithshem | UBT - Gjilan | UBT - Gjilan | Koleksioni i përgjithshem | 09/25/2019 | 615.83 SAE | 002-3020239 | 09/25/2019 | 09/25/2019 | Books | ||||||
| Koleksioni i përgjithshem | UBT - Gjilan | UBT - Gjilan | Koleksioni i përgjithshem | 09/25/2019 | 615.83 SAE | 002-3020234 | 09/25/2019 | 09/25/2019 | Books |